1679 1782 1679 1561 1284 1116 1278 1344 1689 1773 1839 1920 1636 1552 1469 1089 1399 1729 1117 1157 1141 1959 1768 1390 1022 1563 1307 1655 1736 1481 1231 1353 1442 1708 1372 1963 1139 1933 1222 1364 1485 1106 1409 1736 1969 1351 1787 1830 1787 1789 1404 1672 1671 1451 1927 1139 1741 1204 1008 1295 1155 1176 1350 1171 1545 1295 1711 1492 1571 1275 1757 1910 1661 1649 1052 1645 1591 1150 1828 1077 1281 1321 1339 1373 1756 1408 1063 1010 1431 1392 1604 1692 1859 1135 1164 1059 1586 1437 1193 BCNSPRNW ULIB Ver.6.0+V

เปลี่ยนเป็นภาษาไทย

Change to English
 แสดงรายละเอียดบรรณานุกรม
  กลับหน้าหลัก

Brief Record : Get Marc (ISO 2709) : E-mail record : QR code < ปิดหน้าต่าง
LEADER : 00000nam 2200000uu 4500
001    13399122439
003     ULIB
008    130612s2555||||th 000 0 tha d
020    ^a9789746727006
060 04 ^aWY100^bก499 ล.1
110 1  ^aมหาวิทยาลัยเชียงใหม่.^bคณะพยาบาลศาสตร์^b.กลุ่มการพยาบาลสาธารณสุข
245 10 ^aการรักษาพยาบาลโรคเบื้องต้น เล่ม1/^cบรรณาธิการ,วราภรณ์ บุญเชียง,วิลาวัณย์ เตือนราษฎร์
260    ^aเชียงใหม่ :^bกลุ่มการพยาบาลสาธารณสุข คณะพยาบาลศาสตร์ มหาวิทยาลัยเชียงใหม่,^c2555
300    ^a129 หน้า
650  7 ^aโรคเบื้องต้น
650  7 ^aพยาบาลโรคเบื้องต้น
700 12 ^aวราภรณ์ บุญเชียง.^eบรรณาธิการ
700 12 ^aวิลาวัณย์ เตือนราษฎร์.^eบรรณาธิการร่วม
945    ^p150^l0^i19907
945    ^p150^l0^i19908
945    ^p150^l0^i19909
945    ^p150^l0^i19910
945    ^p150^l0^i19911
995    ^aทศพ
999    ^aทศพร
รายการนี้ยังไม่มีแท็ก
คุณยังไม่ได้ล็อกอิน คุณสามารถมีกิจกรรมร่วมกับเว็บไซต์ได้ แต่ต้องล็อกอินก่อน ::
  ล็อกอิน

รายการสื่อสารสนเทศ

ลำดับที่ ประเภท เลขเรียก/บาร์โค้ด สถานที่ สถานะ
1. Book การพยาบาล
Book การพยาบาล
สถานะ=หนังสือเก่า
WY100 ก499 ล.1 ฉ.1 
  Barcode: 19907
ห้องสมุดวิทยาเขตนครสวรรค์
►ส่วนจัดเก็บหนังสือเก่า นว.
บนชั้น
  ขอยืม
2. Book การพยาบาล
Book การพยาบาล
สถานะ=หนังสือเก่า
WY100 ก499 ล.1 ฉ.2 
  Barcode: 19908
ห้องสมุดวิทยาเขตนครสวรรค์
►ส่วนจัดเก็บหนังสือเก่า นว.
บนชั้น
  ขอยืม
3. Book การพยาบาล
Book การพยาบาล
สถานะ=หนังสือเก่า
WY100 ก499 ล.1 ฉ.3 
  Barcode: 19909
ห้องสมุดวิทยาเขตนครสวรรค์
►ส่วนจัดเก็บหนังสือเก่า นว.
บนชั้น
  ขอยืม
4. Book การพยาบาล
Book การพยาบาล
สถานะ=หนังสือเก่า
WY100 ก499 ล.1 ฉ.4 
  Barcode: 19910
ห้องสมุดวิทยาเขตนครสวรรค์
►ส่วนจัดเก็บหนังสือเก่า นว.
บนชั้น
  ขอยืม
5. Book การพยาบาล
Book การพยาบาล
สถานะ=หนังสือเก่า
WY100 ก499 ล.1 ฉ.5 
  Barcode: 19911
ห้องสมุดวิทยาเขตนครสวรรค์
►ส่วนจัดเก็บหนังสือเก่า นว.
บนชั้น
  ขอยืม

รายการใกล้เคียง
    หัวเรื่อง [โรคเบื้องต้น]
    หัวเรื่อง [พยาบาลโรคเบื้องต้น]

BibComment


ยังไม่เคยถูกคอมเมนท์

คอมเมนท์ทรัพยากรรายการนี้
  คอมเมนท์: การรักษาพยาบาลโร..


 Copyright 2026. Bcnsprnw @Library